| 000 -LEADER |
| fixed length control field |
00880nam a2200241Ia 4500 |
| 001 - CONTROL NUMBER |
| control field |
20550 |
| 003 - CONTROL NUMBER IDENTIFIER |
| control field |
GE_BSU |
| 008 - FIXED-LENGTH DATA ELEMENTS--GENERAL INFORMATION |
| fixed length control field |
181216s||||||||xx |||||||||||||| ||und|| |
| 040 ## - CATALOGING SOURCE |
| Transcribing agency |
GE_BSU |
| 080 ## - UNIVERSAL DECIMAL CLASSIFICATION NUMBER |
| Universal Decimal Classification number |
811.353.1-8(075.3) |
| 245 ## - TITLE STATEMENT |
| Title |
დედაენა. ნაწ.1 |
| 245 ## - TITLE STATEMENT |
| Remainder of title |
1 კლასისათვის |
| 245 ## - TITLE STATEMENT |
| Statement of responsibility, etc. |
იაკობ გოგებაშვილის დედაენის მიხედვით შეადგინა ვ. რამიშვილმა[მხატვ.: მ. მორჩილაძე და სხვ.], |
| 250 ## - EDITION STATEMENT |
| Edition statement |
11 გამოც. |
| 260 ## - PUBLICATION, DISTRIBUTION, ETC. |
| Place of publication, distribution, etc. |
თბილისი |
| 260 ## - PUBLICATION, DISTRIBUTION, ETC. |
| Name of publisher, distributor, etc. |
განათლება |
| 260 ## - PUBLICATION, DISTRIBUTION, ETC. |
| Date of publication, distribution, etc. |
1991 |
| 300 ## - PHYSICAL DESCRIPTION |
| Extent |
64 გვ. 22სმ. |
| 653 ## - INDEX TERM--UNCONTROLLED |
| Uncontrolled term |
1 კლასისთვის |
| 653 ## - INDEX TERM--UNCONTROLLED |
| Uncontrolled term |
დედაენა. ნაწ.1 |
| 942 ## - ADDED ENTRY ELEMENTS (KOHA) |
| Koha item type |
წიგნი |